| 000 | 01303cad a22002295a 4500 | ||
|---|---|---|---|
| 001 | E148636 | ||
| 008 | 091013s2009 at f 000 0 eng d | ||
| 035 | _a(Sirsi) u148637 | ||
| 041 | 0 | _aeng | |
| 050 | 0 | 4 | _a346.410434 $2 18 |
| 110 | 2 |
_aRoyal Institution of Chartered Surveyors _bOceania _95802 |
|
| 245 | 0 | 0 |
_aGuide to environmental performance clauses _bcommercial property leases, Australia _h[electronic resource] |
| 260 |
_aSydney _bRICS Oceania _c2009 |
||
| 505 | 2 | _aPurpose -- Preamble -- The proposal for lease documentation/house rules -- Managing and monitoring the building -- Standards for the building, benchmark targets -- Environmental performance criteria: management; energy; water; transport; materials; emissions; waste; indoor environment quality -- Examples of environmental initiatives -- Energy performance adverse impact guidelines -- References | |
| 520 | _aOffers guidance on the inclusion of environmental performance clauses within commercial leases. | ||
| 521 | _aAdvanced | ||
| 590 | _aKA | ||
| 651 | 4 | _aAustralia | |
| 690 | _aPROPERTY-COMMERCIAL PROPERTY-COMMERCIAL LANDLORD AND TENANT-COMMERCIAL LEASES | ||
| 856 | 4 | 0 |
_uhttps://www.rics.org/site/scripts/download_info.aspx?fileID=4437&categoryID=474 _zView the item free of charge at www.rics.org... |
| 942 | _n0 | ||
| 999 |
_c110143 _d110143 |
||